[Event "Montreal Mercredi 11"]
[Site "Montreal CAN"]
[Date "2017.11.22"]
[Round "2"]
[White "O'Connor, Michael"]
[Black "Lamarche, Michel"]
[Result "1-0"]
[WhiteElo "1822"]
[BlackElo "1861"]
[WhiteFideId "-1"]
[WhiteFideId "-1"]
[PlyCount "71"]
[GameId "2160767908300721"]
[EventDate "2017.11.15"]
[EventType "swiss"]
[EventRounds "5"]
[EventCountry "CAN"]
[SourceTitle "EXT 2022"]
[Source "ChessBase"]
[SourceDate "2021.10.06"]
[SourceVersion "1"]
[SourceVersionDate "2021.10.06"]
[SourceQuality "1"]

1. d4 Nf6 2. Nf3 e6 3. c4 b6 4. Nc3 Bb4 5. e3 O-O 6. Bd3 d5 7. O-O Bb7 8. Qe2 Nbd7 9. Rd1 Bxc3 10. bxc3 dxc4 11. Bxc4 Ne4 12. Bb2 c6 13. Nd2 Nxd2 14. Rxd2 Qg5 15. Rad1 Nf6 16. e4 c5 17. f3 Rad8 18. Bc1 Qh5 19. Ba3 Rfe8 20. Qf2 cxd4 21. cxd4 Rc8 22. Qe2 Qa5 23. Bb2 Rc7 24. Bb3 Ba6 25. Qf2 Bc4 26. Qg3 Bxb3 27. axb3 Rce7 28. d5 e5 29. Qf2 Nd7 30. Ra1 Qb4 31. Ba3 Qxb3 32. Bxe7 Rxe7 33. Rxa7 Qb4 34. d6 Re8 35. Rxd7 Qc5 36. Rc7 1-0

[Event "Montreal Mercredi 11"]
[Site "Montreal CAN"]
[Date "2017.11.22"]
[Round "2"]
[White "Pomerantz, Daniel"]
[Black "Langlois-Remillard, Alexis"]
[Result "0-1"]
[WhiteElo "2053"]
[BlackElo "2031"]
[WhiteFideId "-1"]
[WhiteFideId "-1"]
[PlyCount "94"]
[GameId "2160767908300722"]
[EventDate "2017.11.15"]
[EventType "swiss"]
[EventRounds "5"]
[EventCountry "CAN"]
[SourceTitle "EXT 2022"]
[Source "ChessBase"]
[SourceDate "2021.10.06"]
[SourceVersion "1"]
[SourceVersionDate "2021.10.06"]
[SourceQuality "1"]

1. e4 e6 2. d4 d5 3. Nd2 Nf6 4. e5 Nfd7 5. Bd3 c5 6. c3 Nc6 7. Ne2 cxd4 8. cxd4 f6 9. exf6 Nxf6 10. O-O Bd6 11. Nf3 Qc7 12. Bg5 O-O 13. Bh4 Nh5 14. Qc2 h6 15. Bh7+ Kh8 16. Bg6 Rxf3 17. Bxh5 Bxh2+ 18. Kh1 Rf5 19. Bg6 Bd6 20. Bxf5 exf5 21. Rae1 Qf7 22. Bg3 Bb4 23. Rd1 g5 24. a3 Ba5 25. b4 Bb6 26. b5 Na5 27. Be5+ Kg8 28. Kg1 f4 29. Nc3 Bf5 30. Qe2 Rc8 31. Qf3 g4 32. Qxf4 Rxc3 33. Qxh6 Qg6 34. Qh8+ Kf7 35. Rfe1 Rc8 36. Qh2 Nc4 37. Qf4 Bd8 38. f3 Bg5 39. Qg3 Qh6 40. fxg4 Be3+ 41. Kf1 Nd2+ 42. Ke2 Rc2 43. Qxe3 Nc4+ 44. Kf3 Nxe3 45. Bf4 Bxg4+ 46. Kxe3 Qe6+ 47. Be5 Bxd1 0-1

[Event "Montreal Mercredi 11"]
[Site "Montreal CAN"]
[Date "2017.11.22"]
[Round "2"]
[White "Saha, Ananda"]
[Black "Have, Didier"]
[Result "0-1"]
[WhiteElo "2191"]
[BlackElo "2096"]
[WhiteFideId "-1"]
[WhiteFideId "-1"]
[PlyCount "84"]
[GameId "2160767908300723"]
[EventDate "2017.11.15"]
[EventType "swiss"]
[EventRounds "5"]
[EventCountry "CAN"]
[SourceTitle "EXT 2022"]
[Source "ChessBase"]
[SourceDate "2021.10.06"]
[SourceVersion "1"]
[SourceVersionDate "2021.10.06"]
[SourceQuality "1"]

1. d4 d6 2. Nf3 Nf6 3. g3 g6 4. Bg2 Bg7 5. O-O O-O 6. c3 c6 7. Re1 Nbd7 8. Bf4 Nh5 9. Bg5 h6 10. Be3 e5 11. dxe5 dxe5 12. Qd2 Kh7 13. Rd1 Qe7 14. g4 Nhf6 15. g5 Ne4 16. Qc1 hxg5 17. Nxg5+ Nxg5 18. Bxg5 f6 19. Be3 Nb6 20. a4 Nc4 21. Na3 Nxe3 22. Qxe3 Be6 23. a5 Bh6 24. Qf3 a6 25. b4 f5 26. Qd3 Rad8 27. Qc2 Qg5 28. c4 f4 29. Kh1 Qh4 30. Be4 f3 31. e3 Bh3 32. Bxg6+ Kg7 33. Rg1 Bg2+ 34. Rxg2 fxg2+ 35. Kg1 Rf6 36. Be4 Rdf8 37. f4 exf4 38. Qxg2+ Kh8 39. Kh1 f3 40. Qc2 f2 41. Rf1 Bxe3 42. Bg2 Bf4 0-1

[Event "Montreal Mercredi 11"]
[Site "Montreal CAN"]
[Date "2017.11.22"]
[Round "2"]
[White "Soudre, Nicolas"]
[Black "Lopez Linares, Lizandro"]
[Result "1-0"]
[WhiteElo "2237"]
[BlackElo "2184"]
[WhiteFideId "-1"]
[WhiteFideId "-1"]
[PlyCount "107"]
[GameId "2160767908300724"]
[EventDate "2017.11.15"]
[EventType "swiss"]
[EventRounds "5"]
[EventCountry "CAN"]
[SourceTitle "EXT 2022"]
[Source "ChessBase"]
[SourceDate "2021.10.06"]
[SourceVersion "1"]
[SourceVersionDate "2021.10.06"]
[SourceQuality "1"]

1. e4 d5 2. Nc3 c6 3. d4 dxe4 4. Nxe4 Bf5 5. Ng3 Bg6 6. Nf3 Nd7 7. h4 h6 8. h5 Bh7 9. Bd3 Bxd3 10. Qxd3 Qc7 11. Bd2 Ngf6 12. O-O-O e6 13. Ne4 O-O-O 14. g3 Nc5 15. Nxc5 Bxc5 16. c3 Qa5 17. Kb1 Bd6 18. Qe2 Qf5+ 19. Ka1 Bc7 20. c4 Rhe8 21. Be3 Ng4 22. Bc1 e5 23. d5 cxd5 24. cxd5 Nf6 25. Nh4 Qd7 26. Be3 Nxd5 27. Bxa7 Qa4 28. Bc5 b6 29. Ba3 e4 30. Rc1 Kb8 31. Rc4 Qa6 32. Nf5 Be5 33. Kb1 g6 34. hxg6 fxg6 35. Ne3 Nxe3 36. fxe3 Qb7 37. Rxh6 Rh8 38. Rxh8 Rxh8 39. Rc1 Bxg3 40. Qg4 Be5 41. Qxg6 Rd8 42. Qe6 Bc7 43. Qc6 Qxc6 44. Rxc6 Re8 45. Bd6 Bxd6 46. Rxd6 Kc7 47. Rd4 Kc6 48. a4 Re5 49. Kc2 Re7 50. Kc3 Re5 51. b4 Re7 52. Kc4 Re8 53. b5+ Kc7 54. Kd5 1-0

[Event "Montreal Mercredi 11"]
[Site "Montreal CAN"]
[Date "2017.11.22"]
[Round "2"]
[White "Zheng, Richard"]
[Black "Leveille, Francois"]
[Result "0-1"]
[WhiteElo "2080"]
[BlackElo "2275"]
[WhiteFideId "-1"]
[WhiteFideId "-1"]
[PlyCount "118"]
[GameId "2160767908300725"]
[EventDate "2017.11.15"]
[EventType "swiss"]
[EventRounds "5"]
[EventCountry "CAN"]
[SourceTitle "EXT 2022"]
[Source "ChessBase"]
[SourceDate "2021.10.06"]
[SourceVersion "1"]
[SourceVersionDate "2021.10.06"]
[SourceQuality "1"]

1. d4 g6 2. e4 Bg7 3. Nc3 d6 4. Be3 a6 5. a4 b6 6. Bc4 Bb7 7. Bb3 Nd7 8. Nge2 e6 9. O-O Ne7 10. f3 h6 11. Qd2 d5 12. Ng3 Nf6 13. h3 Rc8 14. Rad1 c5 15. Rfe1 Kf8 16. Kh1 Kg8 17. Qf2 c4 18. Ba2 Bc6 19. e5 Nd7 20. b3 b5 21. axb5 axb5 22. b4 Ra8 23. Ra1 Ra6 24. Nce2 Kh7 25. c3 Qc7 26. Nc1 Rha8 27. Qc2 Kg8 28. Bd2 Qa7 29. Kh2 Ra3 30. Kh1 Bb7 31. Kh2 Nc6 32. Nge2 Ndxe5 33. dxe5 Qf2 34. Qd1 Bxe5+ 35. f4 Bg7 36. Rf1 Qa7 37. Rb1 Ne7 38. Be1 Qe3 39. Bf2 Qe4 40. Ng3 Qxf4 41. Bd4 Qc7 42. Qf3 Nf5 43. Bxg7 Kxg7 44. Qf4 Qxf4 45. Rxf4 Nxg3 46. Kxg3 Rxc3+ 47. Rf3 Rxc1 48. Rxc1 Rxa2 49. Rf2 Ra3+ 50. Kf4 Kf6 51. Rcf1 h5 52. Rf3 e5+ 53. Kg3+ Rxf3+ 54. Rxf3+ Ke6 55. Ra3 d4 56. Ra7 c3 57. Rxb7 c2 58. Rc7 d3 59. Kh2 e4 0-1

[Event "Montreal Mercredi 11"]
[Site "Montreal CAN"]
[Date "2017.11.24"]
[Round "3"]
[White "Lamarche, Michel"]
[Black "Beaulieu, Pierre"]
[Result "1-0"]
[WhiteElo "1861"]
[BlackElo "1831"]
[WhiteFideId "-1"]
[WhiteFideId "-1"]
[PlyCount "66"]
[GameId "2160767908300726"]
[EventDate "2017.11.15"]
[EventType "swiss"]
[EventRounds "5"]
[EventCountry "CAN"]
[SourceTitle "EXT 2022"]
[Source "ChessBase"]
[SourceDate "2021.10.06"]
[SourceVersion "1"]
[SourceVersionDate "2021.10.06"]
[SourceQuality "1"]

1. e4 b6 2. d4 Bb7 3. Bd3 e6 4. Nf3 Nf6 5. Qe2 d5 6. e5 Nfd7 7. O-O c5 8. c3 Be7 9. Be3 Nc6 10. a3 a6 11. Ne1 Qc7 12. f4 g6 13. a4 c4 14. Bc2 O-O-O 15. Nd2 Na5 16. Nef3 Rdf8 17. b3 Kb8 18. b4 Nc6 19. b5 axb5 20. axb5 Nd8 21. Ra4 Bc8 22. Rfa1 Qb7 23. Bf2 f6 24. Nxc4 fxe5 25. Ncxe5 Bd6 26. Bd3 Rxf4 27. Bg3 Re4 28. Bxe4 dxe4 29. Nxd7+ Qxd7 30. Ra8+ Kc7 31. Qc4+ Nc6 32. Ne5 Bxe5 33. Bxe5+ Kd8 1-0

[Event "Montreal Mercredi 11"]
[Site "Montreal CAN"]
[Date "2017.11.29"]
[Round "3"]
[White "Barko, Maxim"]
[Black "Chang, Alexander"]
[Result "1/2-1/2"]
[WhiteElo "1960"]
[BlackElo "1916"]
[WhiteFideId "-1"]
[WhiteFideId "-1"]
[PlyCount "115"]
[GameId "2160767908300727"]
[EventDate "2017.11.15"]
[EventType "swiss"]
[EventRounds "5"]
[EventCountry "CAN"]
[SourceTitle "EXT 2022"]
[Source "ChessBase"]
[SourceDate "2021.10.06"]
[SourceVersion "1"]
[SourceVersionDate "2021.10.06"]
[SourceQuality "1"]

1. d4 d5 2. c4 e6 3. Nc3 Nf6 4. cxd5 exd5 5. Bg5 Nbd7 6. e3 c6 7. Bd3 Qa5 8. Qc2 Bd6 9. Nge2 O-O 10. O-O h6 11. Bh4 Qc7 12. Bg3 a6 13. f3 Bxg3 14. Nxg3 c5 15. Nce2 c4 16. Nf4 Re8 17. Rae1 b5 18. Ngh5 Nxh5 19. Nxh5 Nf8 20. Bf5 Bxf5 21. Qxf5 Qd7 22. Qc2 b4 23. Qf2 Rad8 24. Kh1 Ne6 25. e4 Qa7 26. Rd1 c3 27. bxc3 bxc3 28. e5 c2 29. Qxc2 Nxd4 30. Qf2 Rxe5 31. Rxd4 Rxh5 32. Rxd5 Rxh2+ 33. Kxh2 Qc7+ 34. Qg3 Qxg3+ 35. Kxg3 Rxd5 36. Rf2 f5 37. Rb2 a5 38. Rc2 Kf7 39. Rc7+ Kf6 40. Ra7 g5 41. Ra6+ Kg7 42. Ra7+ Kg6 43. Ra6+ Kh5 44. Kh2 f4 45. Kh3 g4+ 46. fxg4+ Kg5 47. Kh2 Kxg4 48. Rxh6 Rd2 49. Rg6+ Kf5 50. Rg8 Rxa2 51. Rf8+ Ke4 52. Re8+ Kd3 53. Rf8 Ke3 54. Re8+ Kf2 55. Rf8 Ke3 56. Re8+ Kf2 57. Rf8 Ke3 58. Re8+ 1/2-1/2

[Event "Montreal Mercredi 11"]
[Site "Montreal CAN"]
[Date "2017.11.29"]
[Round "3"]
[White "Brassard, Sylvain"]
[Black "Jia, Zhe"]
[Result "0-1"]
[WhiteElo "1785"]
[BlackElo "1805"]
[WhiteFideId "-1"]
[WhiteFideId "-1"]
[PlyCount "106"]
[GameId "2160767908300728"]
[EventDate "2017.11.15"]
[EventType "swiss"]
[EventRounds "5"]
[EventCountry "CAN"]
[SourceTitle "EXT 2022"]
[Source "ChessBase"]
[SourceDate "2021.10.06"]
[SourceVersion "1"]
[SourceVersionDate "2021.10.06"]
[SourceQuality "1"]

1. d4 d5 2. c4 c6 3. Nf3 Nf6 4. Nc3 dxc4 5. a4 Bf5 6. e3 e6 7. Bxc4 Bb4 8. O-O O-O 9. Nh4 Be4 10. Nxe4 Nxe4 11. Nf3 Nd7 12. Qb3 Qe7 13. Bd3 Ndf6 14. Rd1 a5 15. Ne5 Rad8 16. Bxe4 Nxe4 17. f3 Nf6 18. Bd2 Bxd2 19. Rxd2 Nd5 20. e4 Nb4 21. Rad1 Qc7 22. Qc3 Qb6 23. Qc5 Qa6 24. Nc4 Ra8 25. b3 h6 26. Qb6 Rfd8 27. Qxa6 Rxa6 28. Ne3 Kf8 29. d5 cxd5 30. exd5 exd5 31. Rd4 Rc6 32. Nc4 b6 33. Ne3 Rc3 34. Nxd5 Rxd5 35. Rxd5 Nxd5 36. Rxd5 Rxb3 37. Rd7 Rb4 38. Rb7 g5 39. Kf2 Kg7 40. g3 Kg6 41. g4 f5 42. h3 Rb2+ 43. Kg1 fxg4 44. hxg4 h5 45. gxh5+ Kxh5 46. Rh7+ Kg6 47. Rb7 Kf5 48. Rf7+ Ke5 49. Rg7 Kf4 50. Rg6 Kxf3 51. Rxg5 Rb4 52. Rg6 Rg4+ 53. Rxg4 Kxg4 0-1

[Event "Montreal Mercredi 11"]
[Site "Montreal CAN"]
[Date "2017.11.29"]
[Round "3"]
[White "Didier, Have"]
[Black "Soudre, Nicolas"]
[Result "0-1"]
[WhiteElo "2096"]
[BlackElo "2237"]
[WhiteFideId "-1"]
[WhiteFideId "-1"]
[PlyCount "107"]
[GameId "2160767908300729"]
[EventDate "2017.11.15"]
[EventType "swiss"]
[EventRounds "5"]
[EventCountry "CAN"]
[SourceTitle "EXT 2022"]
[Source "ChessBase"]
[SourceDate "2021.10.06"]
[SourceVersion "1"]
[SourceVersionDate "2021.10.06"]
[SourceQuality "1"]

1. d4 e6 2. Bf4 c5 3. e3 Nc6 4. Nf3 Nf6 5. Nbd2 d5 6. c3 Qb6 7. Rb1 Nh5 8. Bg5 h6 9. Bh4 g5 10. Ne5 Ng7 11. Bg3 h5 12. h3 Nf5 13. Bh2 Bg7 14. e4 dxe4 15. Nec4 Qd8 16. Nxe4 cxd4 17. Qf3 Kf8 18. Ncd6 Ne5 19. Bxe5 Bxe5 20. Nc4 Bg7 21. Rd1 Bd7 22. cxd4 Bc6 23. Qa3+ Kg8 24. Bd3 Rc8 25. Ne5 Nxd4 26. Nxc6 Nxc6 27. O-O Bd4 28. Bb5 e5 29. Qf3 Rh6 30. Ba4 Qe7 31. Qf5 Rf8 32. Rd3 Kh8 33. Rf3 Rg6 34. h4 Nd8 35. hxg5 Ne6 36. Rh3 Nf4 37. Rh4 Qc7 38. Bb5 a6 39. Ba4 b5 40. Bb3 Kg7 41. Nf6 Rh8 42. Bc2 Qc8 43. Rxh5 Qxf5 44. Bxf5 Nxh5 45. Nxh5+ Rxh5 46. Bxg6 fxg6 47. Rc1 Rxg5 48. Rc7+ Kh6 49. Rc6 Rf5 50. Rxa6 Rxf2 51. Kh2 Rxb2 52. a3 Kg5 53. Ra8 Be3 54. Kg3 0-1

[Event "Montreal Mercredi 11"]
[Site "Montreal CAN"]
[Date "2017.11.29"]
[Round "3"]
[White "Gates, Claude-Eric"]
[Black "Millette, Sylvain"]
[Result "1-0"]
[WhiteElo "1787"]
[BlackElo "1738"]
[WhiteFideId "-1"]
[WhiteFideId "-1"]
[PlyCount "81"]
[GameId "2160767908300730"]
[EventDate "2017.11.15"]
[EventType "swiss"]
[EventRounds "5"]
[EventCountry "CAN"]
[SourceTitle "EXT 2022"]
[Source "ChessBase"]
[SourceDate "2021.10.06"]
[SourceVersion "1"]
[SourceVersionDate "2021.10.06"]
[SourceQuality "1"]

1. d4 Nf6 2. c4 g6 3. Nc3 d5 4. Nf3 Bg7 5. cxd5 Nxd5 6. e4 Nxc3 7. bxc3 c5 8. Rb1 O-O 9. Be2 Nc6 10. d5 Bxc3+ 11. Bd2 Bxd2+ 12. Qxd2 Nd4 13. Nxd4 cxd4 14. Qxd4 Qa5+ 15. Qd2 Qxd2+ 16. Kxd2 b6 17. Rbc1 Rd8 18. Rc7 e6 19. Rhc1 exd5 20. exd5 Be6 21. Bc4 Bxd5 22. Ke3 Bxc4 23. R1xc4 b5 24. Rf4 Rf8 25. Rf6 a5 26. Rb7 b4 27. Kd3 Rac8 28. Ra7 Rc3+ 29. Kd4 Ra3 30. Kc4 Rxa2 31. Rf3 f5 32. h4 Rc8+ 33. Kd4 a4 34. Rb7 b3 35. g4 Rf8 36. g5 Rf7 37. Rb8+ Kg7 38. Re3 Rd2+ 39. Kc5 Rdd7 40. Ree8 Rc7+ 41. Kd6 1-0

[Event "Montreal Mercredi 11"]
[Site "Montreal CAN"]
[Date "2017.11.29"]
[Round "3"]
[White "Guipi Bopala, Prince Eric jr"]
[Black "Baran, Marius"]
[Result "1-0"]
[WhiteElo "1863"]
[BlackElo "1903"]
[WhiteFideId "-1"]
[WhiteFideId "-1"]
[PlyCount "71"]
[GameId "2160767908300731"]
[EventDate "2017.11.15"]
[EventType "swiss"]
[EventRounds "5"]
[EventCountry "CAN"]
[SourceTitle "EXT 2022"]
[Source "ChessBase"]
[SourceDate "2021.10.06"]
[SourceVersion "1"]
[SourceVersionDate "2021.10.06"]
[SourceQuality "1"]

1. e4 c5 2. Nf3 d6 3. d4 cxd4 4. Nxd4 Nf6 5. Nc3 a6 6. f3 e6 7. Nb3 Be7 8. Be3 O-O 9. Qd2 Qc7 10. O-O-O b5 11. g4 Nc6 12. Qf2 Nd7 13. h4 Bb7 14. h5 Rac8 15. g5 Nce5 16. Rd2 b4 17. Nd1 d5 18. exd5 Bxd5 19. Rh3 Bxb3 20. axb3 Qa5 21. Kb1 Nc5 22. Rg3 Nxb3 23. cxb3 Rc1+ 24. Kxc1 Qa1+ 25. Kc2 Rc8+ 26. Bc4 Rxc4+ 27. bxc4 Qa4+ 28. b3 Qa2+ 29. Nb2 Qa5 30. Bb6 Qa1 31. Rd1 Qa2 32. Rdg1 Nxc4 33. bxc4 b3+ 34. Kd3 Qa3 35. Qd4 h6 36. gxh6 1-0

[Event "Montreal Mercredi 11"]
[Site "Montreal CAN"]
[Date "2017.11.29"]
[Round "3"]
[White "Langlois-Remillard, Alexis"]
[Black "Jacquet, Stephane"]
[Result "1/2-1/2"]
[WhiteElo "2031"]
[BlackElo "1912"]
[WhiteFideId "-1"]
[WhiteFideId "-1"]
[PlyCount "80"]
[GameId "2160767908300733"]
[EventDate "2017.11.15"]
[EventType "swiss"]
[EventRounds "5"]
[EventCountry "CAN"]
[SourceTitle "EXT 2022"]
[Source "ChessBase"]
[SourceDate "2021.10.06"]
[SourceVersion "1"]
[SourceVersionDate "2021.10.06"]
[SourceQuality "1"]

1. b3 g6 2. Bb2 Nf6 3. e3 Bg7 4. c4 O-O 5. Nf3 b6 6. d4 c5 7. Nc3 Bb7 8. Be2 cxd4 9. exd4 d5 10. O-O dxc4 11. bxc4 Nbd7 12. Qb3 Rc8 13. Rac1 a6 14. a4 Nh5 15. g3 Qc7 16. Nd1 e6 17. Ne3 Rfd8 18. Rfd1 Qb8 19. a5 bxa5 20. Bc3 Qa8 21. Ne1 Rb8 22. Qa4 Nhf6 23. Bxa5 Rdc8 24. c5 Bc6 25. Qc4 Rb2 26. Bd3 Rcb8 27. Qxa6 Qxa6 28. Bxa6 Ne4 29. Bc7 Ra8 30. Nd3 Rd2 31. Nb4 Bxd4 32. Nxc6 Bxe3 33. fxe3 Rxa6 34. Rxd2 Nxd2 35. Nb8 Nxb8 36. Bxb8 Ra2 37. c6 Nf3+ 38. Kf1 Nxh2+ 39. Ke1 Nf3+ 40. Kf1 Nh2+ 1/2-1/2

[Event "Montreal Mercredi 11"]
[Site "Montreal CAN"]
[Date "2017.11.29"]
[Round "3"]
[White "Lebeau, Gilbert"]
[Black "Pomerantz, Daniel"]
[Result "0-1"]
[WhiteElo "1986"]
[BlackElo "2053"]
[WhiteFideId "-1"]
[WhiteFideId "-1"]
[PlyCount "138"]
[GameId "2160767908300734"]
[EventDate "2017.11.15"]
[EventType "swiss"]
[EventRounds "5"]
[EventCountry "CAN"]
[SourceTitle "EXT 2022"]
[Source "ChessBase"]
[SourceDate "2021.10.06"]
[SourceVersion "1"]
[SourceVersionDate "2021.10.06"]
[SourceQuality "1"]

1. d4 Nf6 2. Nf3 e6 3. Bf4 c5 4. c3 b6 5. e3 Bb7 6. Bd3 Be7 7. h3 d6 8. O-O O-O 9. Qe2 Re8 10. e4 Nbd7 11. Nbd2 Qc7 12. e5 Nd5 13. Bg3 cxd4 14. cxd4 Rac8 15. a3 dxe5 16. dxe5 Nf8 17. Nc4 Qd7 18. Rfd1 Ba6 19. Rac1 Ng6 20. Qd2 Bxc4 21. Rxc4 Rxc4 22. Bxc4 Qa4 23. Bxd5 exd5 24. Qc1 Qd7 25. Qd2 Rd8 26. Nd4 Bc5 27. Kh2 h6 28. Qd3 Bxd4 29. Qxd4 Qe6 30. f4 Ne7 31. Bf2 h5 32. Qd3 Nf5 33. g4 hxg4 34. hxg4 Nh6 35. g5 Nf5 36. Kg2 d4 37. Kf3 g6 38. Rc1 Qd5+ 39. Ke2 Kg7 40. Rc4 b5 41. Rc7 a6 42. b3 Rh8 43. Qf3 Qxf3+ 44. Kxf3 Rh3+ 45. Kg2 Rc3 46. Rd7 Kf8 47. a4 Rxb3 48. axb5 axb5 49. Bxd4 Nxd4 50. Rxd4 Ke7 51. Kf2 Rb1 52. Ke2 Rc1 53. Kd2 Rc4 54. Rd5 Rxf4 55. Rxb5 Rf5 56. Ke3 Rxg5 57. Kf4 Rf5+ 58. Ke4 Rf1 59. Rb7+ Kf8 60. Rb2 Kg7 61. Rg2 Kh6 62. Rh2+ Kg5 63. Rg2+ Kh4 64. Rh2+ Kg3 65. Rh7 g5 66. Ke3 g4 67. Ke2 Rf5 68. Rh8 Rxe5+ 69. Kf1 f5 0-1

[Event "Montreal Mercredi 11"]
[Site "Montreal CAN"]
[Date "2017.11.29"]
[Round "3"]
[White "Leveille, Francois"]
[Black "Saha, Ananda"]
[Result "1/2-1/2"]
[WhiteElo "2275"]
[BlackElo "2191"]
[WhiteFideId "-1"]
[WhiteFideId "-1"]
[PlyCount "105"]
[GameId "2160767908308927"]
[EventDate "2017.11.15"]
[EventType "swiss"]
[EventRounds "5"]
[EventCountry "CAN"]
[SourceTitle "EXT 2022"]
[Source "ChessBase"]
[SourceDate "2021.10.06"]
[SourceVersion "1"]
[SourceVersionDate "2021.10.06"]
[SourceQuality "1"]

1. Nf3 d5 2. g3 c6 3. Bg2 Nf6 4. O-O Bg4 5. Ne5 Bf5 6. d4 Nbd7 7. c4 e6 8. Qb3 Qb6 9. Nxd7 Nxd7 10. Nc3 Qxb3 11. axb3 Bc2 12. cxd5 exd5 13. e4 dxe4 14. d5 f5 15. dxc6 bxc6 16. Be3 a5 17. f3 Bc5 18. Bxc5 Nxc5 19. fxe4 fxe4 20. b4 Nb3 21. Rae1 O-O-O 22. bxa5 Nxa5 23. Rf7 Nb3 24. Rxg7 Rhe8 25. Re3 Nd4 26. Rxh7 Kb8 27. Rf7 Rd6 28. g4 Rde6 29. Kf2 Bd3 30. Kg3 Nc2 31. Kf4 Nxe3 32. Kxe3 c5 33. h4 Rb6 34. Rf2 Rg6 35. g5 Rh8 36. Rf4 Rb6 37. Bxe4 Bxe4 38. Nxe4 Rb3+ 39. Nc3 Rxb2 40. Kf3 Rh2 41. Kg3 Rh1 42. Ne2 Re8 43. Rf2 Re3+ 44. Kg4 Reh3 45. g6 Rxh4+ 46. Kg5 R4h2 47. g7 Rh5+ 48. Kf6 Rh6+ 49. Kf7 Rh7 50. Kf8 Rd1 51. Rg2 Rd7 52. Nf4 Rhxg7 53. Rxg7 1/2-1/2

[Event "Montreal Mercredi 11"]
[Site "Montreal CAN"]
[Date "2017.11.29"]
[Round "3"]
[White "Lopez Linares, Lizandro"]
[Black "Zheng, Richard"]
[Result "1/2-1/2"]
[WhiteElo "2184"]
[BlackElo "2080"]
[WhiteFideId "-1"]
[WhiteFideId "-1"]
[PlyCount "60"]
[GameId "2160767908308928"]
[EventDate "2017.11.15"]
[EventType "swiss"]
[EventRounds "5"]
[EventCountry "CAN"]
[SourceTitle "EXT 2022"]
[Source "ChessBase"]
[SourceDate "2021.10.06"]
[SourceVersion "1"]
[SourceVersionDate "2021.10.06"]
[SourceQuality "1"]

1. d4 f5 2. g3 d5 3. Bg2 e6 4. c4 c6 5. Nf3 Nf6 6. O-O Bd6 7. Nc3 b6 8. Bf4 Bxf4 9. gxf4 O-O 10. Ne5 Bb7 11. Qb3 Nbd7 12. e3 Qe7 13. Rfd1 Rfc8 14. a4 Kf8 15. a5 c5 16. cxd5 exd5 17. Nxd5 Nxd5 18. Bxd5 c4 19. Nxd7+ Qxd7 20. Qb4+ Ke8 21. Bxc4 Rxc4 22. Qxc4 Bd5 23. Qb4 Qe6 24. Kf1 Qe4 25. axb6 Rc8 26. b7 Qg2+ 27. Ke1 Qg1+ 28. Ke2 Bf3+ 29. Kd3 Be4+ 30. Ke2 Bf3+ 1/2-1/2

[Event "Montreal Mercredi 11"]
[Site "Montreal CAN"]
[Date "2017.11.29"]
[Round "3"]
[White "Nesterov, Timour"]
[Black "O'Connor, Michael"]
[Result "0-1"]
[WhiteElo "1903"]
[BlackElo "1822"]
[WhiteFideId "-1"]
[WhiteFideId "-1"]
[PlyCount "57"]
[GameId "2160767908308929"]
[EventDate "2017.11.15"]
[EventType "swiss"]
[EventRounds "5"]
[EventCountry "CAN"]
[SourceTitle "EXT 2022"]
[Source "ChessBase"]
[SourceDate "2021.10.06"]
[SourceVersion "1"]
[SourceVersionDate "2021.10.06"]
[SourceQuality "1"]

1. d4 f5 2. c4 Nf6 3. Nc3 g6 4. b3 Bg7 5. Bb2 O-O 6. Nf3 d6 7. g3 Qe8 8. Nb5 Na6 9. Bg2 c6 10. Na3 Nd7 11. O-O Nc7 12. Qc2 e5 13. dxe5 dxe5 14. e4 Nc5 15. exf5 Bxf5 16. Qd2 Rd8 17. Qa5 N7a6 18. Rfd1 b6 19. Rxd8 Qxd8 20. Qc3 Re8 21. Re1 Nd3 22. Rd1 Nac5 23. Ne1 Re7 24. Bxc6 e4 25. Qd2 Bxb2 26. Qxb2 Qd6 27. Nxd3 Nxd3 28. Bb5 Qc5 29. b4 0-1

[Event "Montreal Mercredi 11"]
[Site "Montreal CAN"]
[Date "2017.12.06"]
[Round "4"]
[White "Baran, Marius"]
[Black "Lamarche, Michel"]
[Result "1-0"]
[WhiteElo "1903"]
[BlackElo "1861"]
[WhiteFideId "-1"]
[WhiteFideId "-1"]
[PlyCount "77"]
[GameId "2160767908308930"]
[EventDate "2017.11.15"]
[EventType "swiss"]
[EventRounds "5"]
[EventCountry "CAN"]
[SourceTitle "EXT 2022"]
[Source "ChessBase"]
[SourceDate "2021.10.06"]
[SourceVersion "1"]
[SourceVersionDate "2021.10.06"]
[SourceQuality "1"]

1. e4 c6 2. Nc3 d5 3. Nf3 dxe4 4. Nxe4 Bg4 5. h3 Bh5 6. Bc4 Nd7 7. Qe2 e6 8. d4 Ngf6 9. g4 Nxe4 10. Qxe4 Bg6 11. Qe2 Be7 12. Bd3 Qc7 13. Be3 O-O-O 14. O-O-O Bd6 15. h4 Nf6 16. Rhg1 Nd5 17. h5 Nf4 18. Bxf4 Bxf4+ 19. Kb1 Bxd3 20. Rxd3 h6 21. Rgd1 Bd6 22. Ne5 Bxe5 23. Qxe5 Qxe5 24. dxe5 Rd5 25. Rxd5 cxd5 26. c3 Rd8 27. Kc2 Kc7 28. Kd3 Kc6 29. Kd4 b5 30. Ra1 Rb8 31. Rc1 a5 32. b3 Rd8 33. f4 Kb6 34. f5 Rd7 35. Rf1 exf5 36. gxf5 Kc6 37. f6 Rd8 38. fxg7 Rg8 39. Rxf7 1-0

[Event "Montreal Mercredi 11"]
[Site "Montreal CAN"]
[Date "2017.12.06"]
[Round "4"]
[White "Brassard, Sylvain"]
[Black "Millette, Sylvain"]
[Result "1-0"]
[WhiteElo "1785"]
[BlackElo "1738"]
[WhiteFideId "-1"]
[WhiteFideId "-1"]
[PlyCount "105"]
[GameId "2160767908308931"]
[EventDate "2017.11.15"]
[EventType "swiss"]
[EventRounds "5"]
[EventCountry "CAN"]
[SourceTitle "EXT 2022"]
[Source "ChessBase"]
[SourceDate "2021.10.06"]
[SourceVersion "1"]
[SourceVersionDate "2021.10.06"]
[SourceQuality "1"]

1. e4 Nf6 2. e5 Nd5 3. d4 d6 4. Nf3 Bg4 5. Be2 Nc6 6. O-O dxe5 7. Nxe5 Bxe2 8. Qxe2 Nxd4 9. Qc4 f6 10. Qxd4 fxe5 11. Qxe5 Qd6 12. Qe4 O-O-O 13. Rd1 Qg6 14. Qxg6 hxg6 15. c4 Nb4 16. Rxd8+ Kxd8 17. Na3 Nd3 18. Bg5 Kc8 19. b3 e5 20. Rd1 e4 21. Nc2 Bd6 22. h3 Re8 23. Rd2 Be5 24. Re2 Bf4 25. Bxf4 Nxf4 26. Rd2 Nd3 27. Kf1 Nc1 28. Ne3 c6 29. Nd1 Rf8 30. Ne3 Rd8 31. Rc2 Nd3 32. a3 Nf4 33. h4 Rd3 34. g3 Ne6 35. Rb2 Nd4 36. Ng4 Nxb3 37. Ne5 Rc3 38. Nxg6 Nd4 39. Ne5 Rxa3 40. Nf7 Kc7 41. c5 b6 42. Ng5 e3 43. fxe3 Rxe3 44. Kf2 Re7 45. cxb6+ axb6 46. Ra2 Kb7 47. g4 c5 48. Nh3 b5 49. Nf4 b4 50. Rb2 Kc6 51. g5 Kb5 52. Nd5 Re4 53. Nc3+ 1-0